[Event "Titled Tuesday intern op 14th Nov Early"]
[Site "Chess.com INT"]
[Date "2023.11.14"]
[Round "2"]
[White "Jumanov, Elbek"]
[Black "Samunenkov, Igor"]
[Result "0-1"]
[WhiteElo "2155"]
[BlackElo "2531"]
[PlyCount "120"]
[EventDate "2023.11.14"]
[EventType "swiss (blitz)"]
[EventRounds "11"]
[EventCountry "USA"]
[SourceTitle "CB47_2023"]
[SourceDate "2023.11.22"]
[SourceVersion "1"]
[SourceVersionDate "2023.11.22"]
[SourceQuality "1"]

1. c4 c5 2. g3 Nc6 3. Bg2 g6 4. Nc3 Bg7 5. Nf3 d6 6. 0-0 Rb8 7. a3 Be6 8. d3 a6 9. Rb1 b5 10. Nd2 Bd7 11. Nd5 e6 12. Ne3 Nge7 13. b4 cxb4 14. axb4 0-0 15. Bb2 Bxb2 16. Rxb2 bxc4 17. Nexc4 d5 18. Na3 Nxb4 19. Qa1 a5 20. Nf3 Nec6 21. h4 Qf6 22. Rfb1 Rb6 23. Nc2 Nxc2 24. Rxc2 Qxa1 25. Rxa1 Ra8 26. Nd2 a4 27. Rca2 Nb4 28. Rb2 a3 29. Rb3 a2 30. Rb2 Rab8 31. Kh2 Ba4 32. Bf1 Nxd3 33. Rxb6 Rxb6 34. Rxa2 Nc5 35. e3 Kg7 36. Nf3 Rb1 37. Be2 Bb5 38. Bxb5 Rxb5 39. Nd4 Rb7 40. Kg2 Ne4 41. Rc2 h5 42. Ra2 Rc7 43. Rb2 Nf6 44. Ra2 Ng4 45. Rb2 e5 46. Nf3 Rd7 47. Rd2 Kf6 48. Ng5 Ke7 49. Nf3 f6 50. Ra2 Ke6 51. Ra6+ Kf5 52. Nd2 Rb7 53. Ra2 Rb4 54. Nf3 Rb6 55. Ne1 Rd6 56. Nf3 Rd8 57. Rd2 Rd7 58. e4+ Ke6 59. exd5+ Rxd5 60. Rxd5 Kxd5 0-1

[Event "Titled Tuesday intern op 08th Aug Early"]
[Site "Chess.com INT"]
[Date "2023.08.08"]
[Round "3"]
[White "Ioannidis, Evgenios"]
[Black "Jumanov, Elbek"]
[Result "1-0"]
[WhiteElo "2490"]
[BlackElo "2155"]
[PlyCount "43"]
[EventDate "2023.08.08"]
[EventType "swiss (blitz)"]
[EventRounds "11"]
[EventCountry "USA"]
[SourceTitle "EXT 2024"]
[Source "ChessBase"]
[SourceDate "2023.10.10"]
[SourceVersion "1"]
[SourceVersionDate "2023.10.10"]
[SourceQuality "1"]

1. d4 Nf6 2. c4 c5 3. d5 b5 4. cxb5 a6 5. bxa6 g6 6. Nc3 Bg7 7. e4 0-0 8. a7 Na6 9. Nf3 d6 10. Be2 Rxa7 11. 0-0 Nb4 12. a3 Ba6 13. Bg5 Bxe2 14. Qxe2 Na6 15. e5 Ng4 16. exd6 f6 17. Nb5 Rd7 18. Bf4 exd6 19. Qe6+ Kh8 20. Qxg4 f5 21. Qg3 Bxb2 22. Rab1 1-0

[Event "Titled Tuesday intern op 08th Aug Early"]
[Site "Chess.com INT"]
[Date "2023.08.08"]
[Round "6"]
[White "Jumanov, Elbek"]
[Black "Liyanage, Ranindu Dilshan"]
[Result "1-0"]
[WhiteElo "2155"]
[BlackElo "2359"]
[PlyCount "59"]
[EventDate "2023.08.08"]
[EventType "swiss (blitz)"]
[EventRounds "11"]
[EventCountry "USA"]
[SourceTitle "EXT 2024"]
[Source "ChessBase"]
[SourceDate "2023.10.10"]
[SourceVersion "1"]
[SourceVersionDate "2023.10.10"]
[SourceQuality "1"]

1. c4 e6 2. Nf3 d5 3. d4 Nf6 4. g3 Bb4+ 5. Bd2 a5 6. Bg2 0-0 7. 0-0 dxc4 8. Qc2 Bxd2 9. Nbxd2 b5 10. a4 c6 11. e3 Nbd7 12. Ng5 Ra6 13. Rfc1 h6 14. Nge4 Nd5 15. Nc3 Nb4 16. Qd1 Nd3 17. Rcb1 b4 18. Nce4 Nb6 19. b3 c3 20. Nf3 Nb2 21. Qc2 Nd7 22. Nxc3 bxc3 23. Qxc3 Nxa4 24. bxa4 Rb6 25. Nd2 Rxb1+ 26. Rxb1 c5 27. dxc5 Nxc5 28. Qxc5 Qxd2 29. Rb8 g6 30. Rxc8 1-0

[Event "Titled Tuesday intern op 18th Apr Early"]
[Site "Chess.com INT"]
[Date "2023.04.18"]
[Round "10"]
[White "Jumanov, Elbek"]
[Black "Averjanov, Alexey"]
[Result "0-1"]
[WhiteElo "2155"]
[BlackElo "2399"]
[PlyCount "62"]
[EventDate "2023.04.18"]
[EventType "swiss (blitz)"]
[EventRounds "11"]
[EventCountry "USA"]
[SourceTitle "EXT 2024"]
[Source "ChessBase"]
[SourceDate "2023.10.10"]
[SourceVersion "1"]
[SourceVersionDate "2023.10.10"]
[SourceQuality "1"]

1. c4 c5 2. Nf3 Nc6 3. Nc3 g6 4. d4 cxd4 5. Nxd4 Bg7 6. Nc2 Bxc3+ 7. bxc3 d6 8. g3 Nf6 9. Bg2 0-0 10. 0-0 Bd7 11. Bh6 Re8 12. Rb1 b6 13. Ne3 Rc8 14. Nd5 Ng4 15. Bg5 Nge5 16. Ne3 Na5 17. h4 Naxc4 18. h5 Nxe3 19. Bxe3 Rxc3 20. Bd4 Rc7 21. hxg6 hxg6 22. Bxe5 dxe5 23. Qd5 Bf5 24. Rbd1 Qxd5 25. Rxd5 Be6 26. Rd2 Rec8 27. a4 Rc4 28. a5 bxa5 29. Ra1 a4 30. Rda2 Rc1+ 31. Rxc1 Rxc1+ 0-1

[Event "Titled Tuesday intern op 18th Apr Early"]
[Site "Chess.com INT"]
[Date "2023.04.18"]
[Round "4"]
[White "Jumanov, Elbek"]
[Black "Bashirli, Saadat"]
[Result "1-0"]
[WhiteElo "2155"]
[BlackElo "1597"]
[PlyCount "71"]
[EventDate "2023.04.18"]
[EventType "swiss (blitz)"]
[EventRounds "11"]
[EventCountry "USA"]
[SourceTitle "EXT 2024"]
[Source "ChessBase"]
[SourceDate "2023.10.10"]
[SourceVersion "1"]
[SourceVersionDate "2023.10.10"]
[SourceQuality "1"]

1. c4 e6 2. Nf3 d5 3. d4 c6 4. g3 dxc4 5. Bg2 Bd6 6. 0-0 Nd7 7. Qc2 Ngf6 8. Qxc4 0-0 9. Bf4 Bxf4 10. gxf4 Nd5 11. e3 Qe7 12. Nc3 N7f6 13. Rab1 Nxc3 14. bxc3 Nd5 15. Qb3 Qc7 16. c4 Nf6 17. Kh1 c5 18. d5 exd5 19. cxd5 c4 20. Qd1 Bf5 21. d6 Qa5 22. Rxb7 Qxa2 23. Rc7 Bd3 24. Ne5 Ne4 25. Nxd3 Nc3 26. Qa1 Rac8 27. Qxc3 Rxc7 28. dxc7 cxd3 29. Qxd3 Qe6 30. Rc1 Qc8 31. Qb3 a5 32. Qb7 Qd7 33. c8Q Qxb7 34. Qxb7 a4 35. Ra1 a3 36. Rxa3 1-0

[Event "Titled Tuesday intern op 18th Apr Early"]
[Site "Chess.com INT"]
[Date "2023.04.18"]
[Round "5"]
[White "Jumanov, Elbek"]
[Black "Jain, Kashish Manoj"]
[Result "1-0"]
[WhiteElo "2155"]
[BlackElo "2375"]
[PlyCount "75"]
[EventDate "2023.04.18"]
[EventType "swiss (blitz)"]
[EventRounds "11"]
[EventCountry "USA"]
[SourceTitle "EXT 2024"]
[Source "ChessBase"]
[SourceDate "2023.10.10"]
[SourceVersion "1"]
[SourceVersionDate "2023.10.10"]
[SourceQuality "1"]

1. c4 Nf6 2. Nf3 g6 3. Nc3 Bg7 4. g3 0-0 5. Bg2 d6 6. 0-0 Nc6 7. Rb1 e5 8. d3 a5 9. a3 Re8 10. Bg5 h6 11. Bxf6 Bxf6 12. b4 axb4 13. axb4 Bg7 14. b5 Ne7 15. Qc2 Rb8 16. Nd5 Be6 17. Nd2 f5 18. Rfc1 Kh8 19. b6 c6 20. Nc7 Ng8 21. Nxe8 Qxe8 22. c5 d5 23. e4 Nf6 24. exd5 Nxd5 25. Nc4 Qe7 26. Nd6 f4 27. d4 exd4 28. Qxg6 Nc3 29. Re1 Qd7 30. Rxe6 Nxb1 31. Be4 Kg8 32. Bxb1 Ra8 33. Qh7+ Kf8 34. Qf5+ Kg8 35. Re8+ Rxe8 36. Qxd7 Re1+ 37. Kg2 Rxb1 38. Qf7+ 1-0

[Event "Titled Tuesday intern op 11th Apr Late"]
[Site "Chess.com INT"]
[Date "2023.04.11"]
[Round "5"]
[White "Filgueira, Hernan"]
[Black "Jumanov, Elbek"]
[Result "1-0"]
[WhiteElo "2283"]
[BlackElo "2155"]
[PlyCount "77"]
[EventDate "2023.04.11"]
[EventType "swiss (blitz)"]
[EventRounds "11"]
[EventCountry "USA"]
[SourceTitle "CBM 213 Extra"]
[Source "ChessBase"]
[SourceDate "2023.05.31"]
[SourceVersion "1"]
[SourceVersionDate "2023.05.31"]
[SourceQuality "1"]

1. c4 c5 2. g3 Nc6 3. Bg2 g6 4. e3 Bg7 5. Ne2 e6 6. Nbc3 Nge7 7. d4 cxd4 8. exd4 d5 9. cxd5 Nxd5 10. Nxd5 exd5 11. Nf4 0-0 12. 0-0 Nxd4 13. Nxd5 Re8 14. Be3 Nf5 15. Bf4 Bxb2 16. Rb1 Be5 17. Re1 Qd6 18. Rc1 Bd7 19. Nc7 Bxf4 20. Nxe8 Bxe8 21. gxf4 Qxf4 22. Qf3 Qg5 23. Qxb7 Rd8 24. Qc7 Bb5 25. f4 Qf6 26. Qe5 Qb6+ 27. Qc5 Qb8 28. Rb1 Qxf4 29. Rxb5 Rd2 30. Rb4 Qg5 31. Rb8+ Kg7 32. Qf8+ Kf6 33. Qh8+ Ng7 34. Rf1+ Ke6 35. Re8+ Kd6 36. Rd8+ Kc5 37. Rxd2 Qxd2 38. Qxg7 Qe3+ 39. Kh1 1-0

[Event "Titled Tuesday intern op 11th Apr Early"]
[Site "Chess.com INT"]
[Date "2023.04.11"]
[Round "1"]
[White "Jumanov, Elbek"]
[Black "Idani, Pouya"]
[Result "1-0"]
[WhiteElo "2155"]
[BlackElo "2633"]
[PlyCount "115"]
[EventDate "2023.04.11"]
[EventType "swiss (blitz)"]
[EventRounds "11"]
[EventCountry "USA"]
[SourceTitle "CBM 213 Extra"]
[Source "ChessBase"]
[SourceDate "2023.05.31"]
[SourceVersion "1"]
[SourceVersionDate "2023.05.31"]
[SourceQuality "1"]

1. c4 e5 2. g3 c6 3. d4 exd4 4. Qxd4 d5 5. Nc3 Nf6 6. Bg2 Be6 7. cxd5 cxd5 8. Nf3 Nc6 9. Qa4 Be7 10. 0-0 0-0 11. Rd1 a6 12. Nd4 Ne5 13. Nxe6 fxe6 14. Bh3 Qd6 15. Bf4 Nfd7 16. Ne4 Qb6 17. Be3 Nc5 18. Nxc5 Bxc5 19. Bxc5 Qxc5 20. Bxe6+ Kh8 21. Qd4 Qd6 22. Qxd5 Qb8 23. Rac1 Nc6 24. Qg5 Qe8 25. Rd7 Rg8 26. Bg4 Ne5 27. Re7 Nf7 28. Qe3 Qf8 29. Rcc7 Nd6 30. Be6 Ne8 31. Rxb7 Nf6 32. Bxg8 Qxg8 33. Rxg7 Qxg7 34. Rxg7 Kxg7 35. Qe7+ Kg6 36. Qe6 Re8 37. Qxa6 Re4 38. Qd3 Kf7 39. f3 Re7 40. e4 Rd7 41. Qc4+ Ke7 42. Kg2 Rd2+ 43. Kh3 Rxb2 44. a4 Rb7 45. a5 Nd7 46. a6 Ra7 47. Qb5 Kd6 48. f4 Kc7 49. e5 Nb8 50. Qc5+ Nc6 51. Qc4 Kb6 52. e6 Rxa6 53. f5 Ra7 54. f6 Kc7 55. f7 Ra8 56. Qc5 Kb7 57. f8Q Rxf8 58. Qxf8 1-0

[Event "Titled Tuesday intern op 04th Apr Early"]
[Site "Chess.com INT"]
[Date "2023.04.04"]
[Round "2"]
[White "Jumanov, Elbek"]
[Black "Dahlgren, James Allen"]
[Result "1-0"]
[WhiteElo "2155"]
[BlackElo "1824"]
[PlyCount "125"]
[EventDate "2023.04.04"]
[EventType "swiss (blitz)"]
[EventRounds "11"]
[EventCountry "USA"]
[SourceTitle "EXT 2024"]
[Source "ChessBase"]
[SourceDate "2023.10.10"]
[SourceVersion "1"]
[SourceVersionDate "2023.10.10"]
[SourceQuality "1"]

1. c4 e6 2. Nf3 c5 3. g3 Nf6 4. Nc3 d5 5. cxd5 exd5 6. d4 Be6 7. Bg2 Nc6 8. 0-0 Be7 9. dxc5 Bxc5 10. Bg5 0-0 11. Rc1 Be7 12. Nd4 Nxd4 13. Qxd4 h6 14. Bf4 Qd7 15. Rfd1 Rfd8 16. a3 b6 17. e4 dxe4 18. Qxd7 Rxd7 19. Rxd7 Bxd7 20. Nxe4 Rc8 21. Rd1 Bc6 22. Nc3 Bxg2 23. Kxg2 Rd8 24. Rxd8+ Bxd8 25. b3 a6 26. a4 Kf8 27. Kf3 Ke7 28. h3 Ke6 29. Bd2 Nd5 30. Ne2 Bf6 31. Ke4 Bb2 32. Nd4+ Kd6 33. Nf5+ Ke6 34. Nd4+ Kd6 35. Nf5+ Ke6 36. Ne3 Nxe3 37. Kxe3 Kd5 38. Kd3 Bd4 39. f3 f5 40. g4 fxg4 41. fxg4 b5 42. h4 bxa4 43. bxa4 Bf2 44. h5 Bd4 45. Bf4 Bf6 46. Be3 Ba1 47. Bb6 Bf6 48. Ba5 Ba1 49. Bb4 Bf6 50. Bf8 Be5 51. Ke3 Bc3 52. Kf4 Kc4 53. Kf5 Kb3 54. Kg6 Kxa4 55. Bxg7 Bxg7 56. Kxg7 Kb3 57. g5 a5 58. gxh6 a4 59. h7 a3 60. h8Q a2 61. Kg6 Kc2 62. Qa1 Kb3 63. h6 1-0

[Event "Titled Tuesday intern op 28th Mar Early"]
[Site "Chess.com INT"]
[Date "2023.03.28"]
[Round "2"]
[White "Ardila, Oscar Humberto"]
[Black "Jumanov, Elbek"]
[Result "0-1"]
[WhiteElo "1982"]
[BlackElo "2155"]
[PlyCount "30"]
[EventDate "2023.03.28"]
[EventType "swiss (blitz)"]
[EventRounds "11"]
[EventCountry "USA"]
[SourceTitle "EXT 2024"]
[Source "ChessBase"]
[SourceDate "2023.10.10"]
[SourceVersion "1"]
[SourceVersionDate "2023.10.10"]
[SourceQuality "1"]

1. d4 Nf6 2. c4 c5 3. dxc5 Na6 4. Nf3 Nxc5 5. e3 g6 6. Be2 Bg7 7. 0-0 d6 8. Nc3 0-0 9. Qc2 Bf5 10. e4 Nfxe4 11. Nxe4 Bxe4 12. Qd1 Rc8 13. Bg5 Bxb2 14. Rb1 Bxb1 15. Qxb1 Bg7 0-1

[Event "Titled Tuesday intern op 28th Mar Early"]
[Site "Chess.com INT"]
[Date "2023.03.28"]
[Round "5"]
[White "Jumanov, Elbek"]
[Black "Bogaudinov, Rushan"]
[Result "1-0"]
[WhiteElo "2155"]
[BlackElo "1939"]
[PlyCount "137"]
[EventDate "2023.03.28"]
[EventType "swiss (blitz)"]
[EventRounds "11"]
[EventCountry "USA"]
[SourceTitle "EXT 2024"]
[Source "ChessBase"]
[SourceDate "2023.10.10"]
[SourceVersion "1"]
[SourceVersionDate "2023.10.10"]
[SourceQuality "1"]

1. c4 Nf6 2. Nf3 d5 3. cxd5 Nxd5 4. Nc3 Nxc3 5. bxc3 e6 6. g3 b6 7. Bg2 Bb7 8. 0-0 Be7 9. d3 0-0 10. a4 c5 11. a5 Nc6 12. axb6 axb6 13. Bf4 Bf6 14. Qb3 Rxa1 15. Rxa1 e5 16. Nxe5 Bxe5 17. Bxe5 Re8 18. Bf4 Rxe2 19. Bd5 Qe7 20. Qxb6 g5 21. Bc7 Qf6 22. Rf1 Ba8 23. Qxc5 Rc2 24. d4 h5 25. Qa3 Bb7 26. Qb3 Nxd4 27. Qxb7 Rxc3 28. Qb8+ Kh7 29. Be4+ Nf5 30. Be5 Rb3 31. Bxf6 Rxb8 32. Bxf5+ Kh6 33. h4 gxh4 34. gxh4 Rb5 35. Bg5+ Kg7 36. Be4 f6 37. Be3 Rb4 38. Bf3 Rxh4 39. Kg2 Rc4 40. Rh1 Kg6 41. Rxh5 Rc3 42. Rh6+ Kf5 43. Kg3 Rc4 44. Rh5+ Kg6 45. Rh6+ Kf5 46. Rh4 Rc8 47. Rf4+ Kg6 48. Rg4+ Kf5 49. Be4+ Ke6 50. f4 Rc5 51. Kf3 f5 52. Rg6+ Kf7 53. Bxf5 Rxf5 54. Rg5 Rf6 55. Bd4 Rc6 56. Ke4 Rc4 57. Rg7+ Ke6 58. f5+ Kd6 59. Rg8 Ke7 60. Rg7+ Kf8 61. Ra7 Rc6 62. Ke5 Rh6 63. Be3 Rc6 64. Bd4 Ke8 65. f6 Rc8 66. Kd5 Kf8 67. Bc5+ Kg8 68. f7+ Kh7 69. f8Q+ 1-0

[Event "Titled Tuesday intern op 28th Mar Early"]
[Site "Chess.com INT"]
[Date "2023.03.28"]
[Round "6"]
[White "Mrudul, Dehankar"]
[Black "Jumanov, Elbek"]
[Result "0-1"]
[WhiteElo "2031"]
[BlackElo "2155"]
[PlyCount "70"]
[EventDate "2023.03.28"]
[EventType "swiss (blitz)"]
[EventRounds "11"]
[EventCountry "USA"]
[SourceTitle "EXT 2024"]
[Source "ChessBase"]
[SourceDate "2023.10.10"]
[SourceVersion "1"]
[SourceVersionDate "2023.10.10"]
[SourceQuality "1"]

1. e4 c5 2. Nf3 e6 3. d4 cxd4 4. Nxd4 Nf6 5. Bd3 Nc6 6. Nxc6 bxc6 7. 0-0 d6 8. Qe2 Qc7 9. c4 Be7 10. Nc3 0-0 11. f4 a5 12. Be3 e5 13. f5 Ba6 14. b3 Rfd8 15. Rac1 Qb7 16. g4 d5 17. g5 d4 18. gxf6 Bxf6 19. Bd2 dxc3 20. Bxc3 a4 21. Bc2 axb3 22. axb3 Qb6+ 23. Kh1 Bb7 24. Ra1 c5 25. Rfd1 Qc6 26. Rd5 Rxa1+ 27. Bxa1 Ra8 28. Bxe5 Bxe5 29. Rxe5 Qf6 30. Rxc5 Ra1+ 31. Kg2 Qg5+ 32. Kh3 Rg1 33. f6 Qxf6 34. Rh5 g6 35. Rh4 Bc8+ 0-1

[Event "Titled Tuesday intern op 20th Dec Early"]
[Site "Chess.com INT"]
[Date "2022.12.20"]
[Round "5"]
[White "Czopor, Maciej"]
[Black "Jumanov, Elbek"]
[Result "1-0"]
[WhiteElo "2412"]
[BlackElo "2155"]
[PlyCount "107"]
[EventDate "2022.12.20"]
[EventType "swiss (blitz)"]
[EventRounds "11"]
[EventCountry "USA"]
[SourceTitle "EXT 2024"]
[Source "ChessBase"]
[SourceDate "2023.10.10"]
[SourceVersion "1"]
[SourceVersionDate "2023.10.10"]
[SourceQuality "1"]

1. c4 c5 2. Nc3 Nc6 3. g3 g6 4. Bg2 Bg7 5. h4 e6 6. h5 Nge7 7. h6 Bf6 8. Nf3 0-0 9. 0-0 d5 10. cxd5 exd5 11. e3 d4 12. Ne4 Bh8 13. Nxc5 Nf5 14. e4 Nxh6 15. d3 Ng4 16. Bg5 Qb6 17. Rc1 Qxb2 18. Qa4 Qb4 19. Qxb4 Nxb4 20. Rc4 Nxa2 21. Nxd4 Ne5 22. Ra4 Nc3 23. Ra3 Nxd3 24. Nxd3 Bxd4 25. e5 Bf5 26. Nc1 Bxe5 27. Bxb7 Rab8 28. Bf3 Nb5 29. Ra5 Bc3 30. Ra4 Nd4 31. Bg2 a5 32. Na2 Ne2+ 33. Kh2 Rb5 34. Nxc3 Nxc3 35. Ra3 Ne4 36. Bf4 Nc5 37. Bc6 Rb6 38. Bf3 Rc8 39. Rxa5 Ne6 40. Be3 Rb3 41. Kg2 Rc2 42. Ra8+ Kg7 43. Re1 Rbb2 44. g4 Bd3 45. g5 h6 46. gxh6+ Kh7 47. Ra7 g5 48. Rxf7+ Kg6 49. Re7 Nf4+ 50. Bxf4 Rxf2+ 51. Kg3 gxf4+ 52. Kxf4 Rxf3+ 53. Kxf3 Kxh6 54. Rg1 1-0

[Event "Titled Tuesday intern op 13th Dec Late"]
[Site "Chess.com INT"]
[Date "2022.12.13"]
[Round "3"]
[White "Bernabeu Lopez, Carlos Javier"]
[Black "Jumanov, Elbek"]
[Result "1-0"]
[WhiteElo "2425"]
[BlackElo "2155"]
[PlyCount "59"]
[EventDate "2022.12.13"]
[EventType "swiss (blitz)"]
[EventRounds "11"]
[EventCountry "USA"]
[SourceTitle "EXT 2024"]
[Source "ChessBase"]
[SourceDate "2023.10.10"]
[SourceVersion "1"]
[SourceVersionDate "2023.10.10"]
[SourceQuality "1"]

1. c4 c5 2. Nc3 Nc6 3. g3 g6 4. Bg2 Bg7 5. Nf3 e6 6. 0-0 Nge7 7. d4 cxd4 8. Nb5 d5 9. cxd5 Nxd5 10. Nbxd4 Nxd4 11. Nxd4 0-0 12. e4 Nb4 13. Be3 e5 14. Nb5 Qa5 15. Nc3 Rd8 16. Nd5 Be6 17. Qd2 Bxd5 18. exd5 Qb5 19. Rfd1 f5 20. a3 Nc6 21. Bg5 Nd4 22. Bxd8 Rxd8 23. Kh1 Nb3 24. Qg5 Rd7 25. Rab1 e4 26. d6 Nd4 27. Rbc1 Ne6 28. Qd2 Qxb2 29. Qd5 Kf7 30. Rc7 1-0

[Event "Titled Tuesday intern op 13th Dec Late"]
[Site "Chess.com INT"]
[Date "2022.12.13"]
[Round "1"]
[White "Boruchovsky, Avital"]
[Black "Jumanov, Elbek"]
[Result "1-0"]
[WhiteElo "2547"]
[BlackElo "2155"]
[PlyCount "83"]
[EventDate "2022.12.13"]
[EventType "swiss (blitz)"]
[EventRounds "11"]
[EventCountry "USA"]
[SourceTitle "EXT 2024"]
[Source "ChessBase"]
[SourceDate "2023.10.10"]
[SourceVersion "1"]
[SourceVersionDate "2023.10.10"]
[SourceQuality "1"]

1. Nf3 Nf6 2. c4 c5 3. Nc3 Nc6 4. d4 cxd4 5. Nxd4 g6 6. e4 d6 7. Be2 Bg7 8. Be3 0-0 9. 0-0 Bd7 10. f3 Rc8 11. Qd2 a6 12. Rac1 Re8 13. b3 Qa5 14. Rb1 Qc7 15. Kh1 Qb8 16. a4 Nb4 17. Rfd1 Red8 18. Bf1 Be8 19. Qf2 e6 20. Nde2 Nd7 21. Rbc1 Nc5 22. Nd4 e5 23. Nc2 Nxc2 24. Qxc2 b5 25. axb5 axb5 26. Nxb5 Bxb5 27. cxb5 f5 28. b4 Nd7 29. Qb3+ Kh8 30. Rxc8 Rxc8 31. exf5 gxf5 32. Qe6 Nf6 33. Qxd6 Qb7 34. b6 e4 35. f4 Ng4 36. Qd8+ Rxd8 37. Rxd8+ Bf8 38. Bd4+ Kg8 39. Bc4+ Qf7 40. Bxf7+ Kxf7 41. Rxf8+ Kxf8 42. b7 1-0

[Event "Titled Tuesday intern op 11th Jan"]
[Site "Chess.com INT"]
[Date "2022.01.11"]
[Round "7"]
[White "Jumanov, Elbek"]
[Black "Bodnaruk, Anastasia"]
[Result "0-1"]
[WhiteElo "2155"]
[BlackElo "2392"]
[PlyCount "56"]
[EventDate "2022.01.11"]
[EventType "swiss (blitz)"]
[EventRounds "11"]
[EventCountry "USA"]
[SourceTitle "CBM 206 Extra"]
[Source "ChessBase"]
[SourceDate "2022.03.31"]
[SourceVersion "1"]
[SourceVersionDate "2022.03.31"]
[SourceQuality "1"]

1. c4 e5 2. g3 Nc6 3. Bg2 g6 4. Nc3 Bg7 5. Rb1 f5 6. b4 d6 7. b5 Nce7 8. e3 Nf6 9. Nge2 0-0 10. 0-0 c6 11. a4 Be6 12. bxc6 bxc6 13. d3 Qd7 14. Ba3 g5 15. a5 f4 16. exf4 gxf4 17. gxf4 Bh3 18. fxe5 Nh5 19. Bxd6 Bxg2 20. Kxg2 Nf5 21. Ng3 Nhxg3 22. hxg3 Nxd6 23. f4 Nf5 24. Qf3 Qd4 25. Nd1 Rad8 26. Qxc6 Qxd3 27. Rb7 Qxg3+ 28. Kh1 Rd2 0-1

[Event "Titled Tuesday intern op 11th Jan"]
[Site "Chess.com INT"]
[Date "2022.01.11"]
[Round "4"]
[White "Jumanov, Elbek"]
[Black "Clawitter, Craig"]
[Result "1-0"]
[WhiteElo "2155"]
[BlackElo "2050"]
[PlyCount "57"]
[EventDate "2022.01.11"]
[EventType "swiss (blitz)"]
[EventRounds "11"]
[EventCountry "USA"]
[SourceTitle "CBM 206 Extra"]
[Source "ChessBase"]
[SourceDate "2022.03.31"]
[SourceVersion "1"]
[SourceVersionDate "2022.03.31"]
[SourceQuality "1"]

1. Nf3 Nf6 2. c4 e6 3. g3 d5 4. d4 Be7 5. Bg2 0-0 6. 0-0 dxc4 7. Qc2 a6 8. a4 c5 9. Rd1 Nc6 10. dxc5 Qa5 11. Qxc4 Qxc5 12. Na3 Bd7 13. Be3 Qxc4 14. Nxc4 Rad8 15. Bb6 Rc8 16. Nd6 Bxd6 17. Rxd6 Nb4 18. Ne5 Bc6 19. Nxc6 Nxc6 20. Rad1 Rfe8 21. a5 e5 22. b4 e4 23. Bh3 Ra8 24. Bc5 Rac8 25. Bxc8 Rxc8 26. h3 h6 27. Kg2 Nxa5 28. Rd8+ Rxd8 29. Rxd8+ 1-0